Railway practice (Record no. 104199)

MARC details
000 -LEADER
fixed length control field 00707cam a22001935a 4500
001 - CONTROL NUMBER
control field L129462
008 - FIXED-LENGTH DATA ELEMENTS--GENERAL INFORMATION
fixed length control field 050420s1859 xxk 000 0 eng u
035 ## - SYSTEM CONTROL NUMBER
System control number (Sirsi) u129462
041 ## - LANGUAGE CODE
Language code of text/sound track or separate title eng
100 ## - MAIN ENTRY--PERSONAL NAME
Personal name Brees, Samuel Charles
245 00 - TITLE STATEMENT
Title Railway practice
Remainder of title a collection of working plans and practical details of construction in the public works of the most celebrated engineers...
260 ## - PUBLICATION, DISTRIBUTION, ETC.
Place of publication, distribution, etc. London
Name of publisher, distributor, etc. E and F N Spon
-- R Griffin
-- J Rimell $1 859
300 ## - PHYSICAL DESCRIPTION
Extent 2 v.
Dimensions 26 cm.
505 2# - FORMATTED CONTENTS NOTE
Formatted contents note V.1 Text -- v.2 Plates
583 0# - ACTION NOTE
Action Condition reviewed
Time/date of action 20120620
Status condition level 4 and 4, detached boards, missing spine
651 #4 - SUBJECT ADDED ENTRY--GEOGRAPHIC NAME
Geographic name Great Britain
Chronological subdivision 1707-
690 ## - LOCAL SUBJECT ADDED ENTRY--TOPICAL TERM (OCLC, RLIN)
Topical term or geographic name as entry element Infrastructure
9 (RLIN) 6246
942 ## - ADDED ENTRY ELEMENTS (KOHA)
Suppress in OPAC 0
Holdings
Withdrawn status Lost status Damaged status Not for loan Home library Current library Shelving location Date acquired Total Checkouts Full call number Barcode Date last seen Copy number Price effective from Koha item type Source of classification or shelving scheme
        Historic collection Historic collection Historic collection 13/02/2013   FOLIO 1859 BREES VOL. 2 30077995 06/08/2019 1 06/08/2019 Book Dewey Decimal Classification
        London London Historic collection 20/04/2005   INFRASTRUCTURE FOLIO 1859 BREES VOL. 1 30076532 22/08/2025 1 06/08/2019 Book